Les 20 Meilleurs Buteurs De Ligue des Champions - Statistiques

Statistiques générales
  • Ce quiz a été pris 125 fois
  • Le résultat moyen est 16 sur 20
Statistiques - réponses
Nombre de buts Nationalité Matchs Joués Joueur % Correct
141 Portugal 187 Cristiano Ronaldo
100%
129 Argentine 163 Lionel Messi
99%
105 Pologne 133 Robert Lewandowski
97%
90 France 152 Karim Benzema
95%
55 France 87 Kylian Mbappé
93%
51 Egypte 98 Mohamed Salah
91%
51 France 115 Thierry Henry
91%
57 Allemagne 166 Thomas Müller
90%
49 Norvege 48 Erling Haaland
88%
44 Côte d'ivoire 94 Didier Drogba
86%
43 Bresil 81 Neymar
86%
49 Suede 128 Zlatan Ibrahimovic
86%
59 Ukraine 116 Andriy Chevtchenko
81%
71 Espagne 144 Raul
70%
47 Portugal 63 Eusébio
62%
60 Pays-Bas 81 Ruud van Nistlerooy
62%
44 Italie 92 Alessandro Del Piero
61%
47 Argentine 83 Sergio Aguero
52%
50 Italie 50 Filippo Inzaghi
46%
49 Espagne 58 Alfredo Di Stefano
38%
Aucun quiz correspondant
Distribution des résultats
% des personnes avec chaque résultat
Percentile par nombre de réponses
Votre historique - résultats
Vous n’avez pas pris ce quiz